The theory of economic growth

Guardat en:
Dades bibliogràfiques
Autor principal: Lewis, W. Arthur (Autor)
Format: Llibre
Idioma:anglès
Publicat: Londres George Allen & Unwin 1955
Matèries:
Etiquetes: Afegir etiqueta
Sense etiquetes, Sigues el primer a etiquetar aquest registre!

MARC

LEADER 00000nam a2200000 a 4500
001 UCQ1222
003 CL-VaPUC
008 980709e19550000UK |||||||||||||||||eng|d
082 0 4 |a 338.9  |b LEW  |2 21 
100 |a Lewis, W. Arthur  |e author  |9 489146 
245 1 4 |a The theory of economic growth 
300 |a 453 p 
942 |c BK 
945 |d 19980709 00:00:00  |a crobeson 
260 |a Londres  |b George Allen & Unwin  |c 1955 
650 0 |a Desarrollo económico y social   |9 256320 
650 0 |a Crecimiento económico   |9 314037 
650 0 |a Teoría económica  |9 315055 
650 7 |a INSTITUCIONES FINANCIERAS  |2 CL-VaPUC  |9 257940 
650 0 |a Economía financiera  |9 359635 
650 0 |a Capital   |9 263726 
650 0 |a Administración pública   |9 255343 
583 |a last modification  |c 19980709 00:00:00  |k Rodrigo Vera 
999 |c 272226  |d 272224